Charakteristické znaky začiatkov transformácie Transformačný proces a stratégie rozvoja Slovenska. 1

Dôsledky chýb v prepočtoch a reformných opatreniach hospodárskej politiky vlády SR. Tri vlny stagflácie ako kontroverzného vzťahu inflácie a recesie. Objasňovanie procesu transformácie ekonomiky na ekonomiky trhové výkonné ako historického bezprecedentného procesu v jednotlivých krajinách sveta. Vyu...

Description complète

Enregistré dans:
Détails bibliographiques
Auteur principal: Ferianc, J.
Format: Chapitre de livre
Langue:slovaque
Sujets:
Tags: Ajouter un tag
Pas de tags, Soyez le premier à ajouter un tag!

MARC

LEADER 00000naa a2200000 4500
001 r013868
005 20221205075924.9
041 0 |a slo 
044 |a SK 
245 1 0 |a Charakteristické znaky začiatkov transformácie  |b Transformačný proces a stratégie rozvoja Slovenska. 1  |c J. Ferianc 
520 |a Dôsledky chýb v prepočtoch a reformných opatreniach hospodárskej politiky vlády SR. Tri vlny stagflácie ako kontroverzného vzťahu inflácie a recesie. Objasňovanie procesu transformácie ekonomiky na ekonomiky trhové výkonné ako historického bezprecedentného procesu v jednotlivých krajinách sveta. Využitie metód prognózovania, programovania a arzenálu poznania. Riešenie kľúčových úloh rozvoja slovenskej spoločnosti. Vývoj hrubého domáceho produktu a národného dôchodku v Slovenskej ekonomike. 
610 2 0 |a stratégia hospodárska 
610 2 0 |a politika hospodárska 
610 2 0 |a Slovensko 
610 2 0 |a transformácia 
610 2 0 |a stagflácia 
610 2 0 |a produkt domáci hrubý 
610 2 0 |a dôchodok národný 
100 1 |a Ferianc, J.